| 000 | 00473nam a22001697a 4500 | ||
|---|---|---|---|
| 003 | PILC | ||
| 005 | 20160307155812.0 | ||
| 008 | 160307b xxu||||| |||| 00| 0 eng d | ||
| 050 |
_aKF 5624 _b.R457 2015 |
||
| 100 | _aReyes, Virgilio D. | ||
| 245 |
_aIncome tax law and accounting / _cVirgilio D. Reyes. |
||
| 260 | _c2015. | ||
| 300 |
_aVarious pages ; _c23 cm. |
||
| 650 |
_aAccounting _xLaw _zPhilippines. |
||
| 650 |
_aIncome tax _zPhilippines. |
||
| 942 |
_2lcc _cBK _kLOC |
||
| 999 |
_c291469 _d291469 |
||